One-Off Simpsons Characters Quiz Stats

 Plays Quiz not verified by Sporcle

Support Sporcle.
Go Orange.
Score 0/20 Timer 06:00
1 Play Today
% Correct
Hank Scorpio
73.8%
Mindy Simmons
65.9%
Leon Kompowsky
62.5%
Michael D'Amico
54.2%
Hugo Simpson
53.1%
Shary Bobbins
51.8%
Lyle Lanley
50.4%
The Space Coyote
41.4%
Karl
35.8%
Mr. Bergstrom
34%
% Correct
Mr. McGreg
33.3%
Hugh Parkfield
32.5%
Molloy the Cat Burglar
32.2%
Beatrice 'Bea' Simmons
28.2%
Chester J. Lampwick
25.7%
Adil Hoxha
21.1%
Tobias Drundridge
19.6%
Brad Goodman
18%
Don Brodka
14.8%
Hollis Hurlbut
8.7%

You're not logged in!

Compare scores with friends on all Sporcle quizzes.
OR
Log In

From the Vault

Borders an 'F' Country Minefield

by caramba

'F' Country might be something you will say if you blow up playing this quiz.
Remove Ads.
Support Sporcle.
Get the best of Sporcle when you Go Orange. This ad-free experience offers more features, more stats, and more fun while also helping to support Sporcle. Thank you for becoming a member.

Show Comments

Extras

Top Quizzes Today


Score Distribution

Your Account Isn't Verified!

In order to create a playlist on Sporcle, you need to verify the email address you used during registration. Go to your Sporcle Settings to finish the process.

Report this User

Report this user for behavior that violates our Community Guidelines.

Details: